Capitals of Countries that Begin with P - Statistics

General Stats
  • This quiz has been taken 137 times
  • The average score is 8 of 9
Answer Stats
Hint Answer % Correct
Peru Lima
100%
Portugal Lisbon
100%
Poland Warsaw
100%
Pakistan Islamabad
98%
Panama Panama City
97%
Philippines Manila
96%
Paraguay Asunción
92%
Papua New Guinea Port Moresby
83%
Palau Ngerulmud
55%
No matching quizzes found
Score Distribution
Percent of People with Each Score
Percentile by Number Answered
Your Score History
You have not taken this quiz